000 00515nam a2200193Ia 4500
005 20250508163346.0
008 008 250505s9999 xx 000 0 eng d
037 _aTextual
040 _aFEDL
_beng
_cFEDL
041 _aeng
_2eng
084 _a150, HEB
_qFEDL
100 _aHebb Donald Olding
245 0 _aText book of psychology
260 _aPhiladelphia
_bW B Saunders Company
_c1958
300 _ax,276p.
650 _aPsychology
942 _cTEXL
_h150, HEB
999 _c1382536
_d1382536